| 000 | 00384nam a22001697a 4500 | ||
|---|---|---|---|
| 999 |
_c11526 _d11526 |
||
| 003 | OSt | ||
| 008 | 220910b ||||| |||| 00| 0 eng d | ||
| 020 | _a9789352838165 | ||
| 082 | _a629.2 GUA | ||
| 100 | _aGUPTA,SK | ||
| 245 | _aText book of Automobile Engineering | ||
| 250 | _a2nd | ||
| 260 |
_aNew Delhi _bS.Chand _c2022 |
||
| 300 | _a921 | ||
| 650 | _aME | ||
| 942 |
_2ddc _cBK _01 |
||